The Tyger - Statistics

General Stats
  • This quiz has been taken 11 times
  • The average score is 13 of 24
Answer Stats
Hint Answer % Correct
A In the forests of the {night};
89%
A In the forests of the {night}:
89%
A Tyger Tyger, burning {bright},
89%
A Tyger Tyger burning {bright},
89%
B What immortal hand or {eye},
78%
B What immortal hand or {eye},
78%
B Could frame thy fearful {symmetry}?
67%
B Dare frame thy fearful {symmetry}?
67%
C Burnt the fire of thine {eyes}?
56%
J Did he who made the Lamb make {thee}?
56%
C In what distant deeps or {skies}.
56%
I And water'd heaven with their {tears}:
44%
F And when thy heart began to {beat}.
44%
J Did he smile his work to {see}?
44%
F What dread hand? & what dread {feet}?
44%
D What the hand, dare seize the {fire}?
44%
I When the stars threw down their {spears}
44%
E And what shoulder, & what {art},
33%
E Could twist the sinews of thy {heart}?
33%
H Dare its deadly terrors {clasp}?
33%
G In what furnace was thy {brain}?
33%
D On what wings dare he {aspire}?
33%
H What the anvil? what dread {grasp}.
33%
G What the hammer? what the {chain},
33%
No matching quizzes found
Score Distribution
Percent of People with Each Score
Percentile by Number Answered
Your Score History
You have not taken this quiz